Tenant default under commercial leases (Record no. 105274)

MARC details
000 -LEADER
fixed length control field 02408cam a2200325 4500
001 - CONTROL NUMBER
control field ##L132886
008 - FIXED-LENGTH DATA ELEMENTS--GENERAL INFORMATION
fixed length control field 060317n2006 000 0 eng u
020 ## - INTERNATIONAL STANDARD BOOK NUMBER
International Standard Book Number 1858113342
035 ## - SYSTEM CONTROL NUMBER
System control number (Sirsi) u132886
041 0# - LANGUAGE CODE
Language code of text/sound track or separate title eng
050 04 - LIBRARY OF CONGRESS CALL NUMBER
Classification number 346.4104343 $2 18
100 1# - MAIN ENTRY--PERSONAL NAME
Personal name Parsons, Andrew E.
245 00 - TITLE STATEMENT
Title Tenant default under commercial leases
260 ## - PUBLICATION, DISTRIBUTION, ETC.
Place of publication, distribution, etc. Welwyn Garden City
Name of publisher, distributor, etc. xpl law
Date of publication, distribution, etc. 2006
300 ## - PHYSICAL DESCRIPTION
Extent xxviii, 304p.
Dimensions 2006
350 ## - PRICE (NR) (BK AM CF MU VM SE) [OBSOLETE]
Price 48
505 0# - FORMATTED CONTENTS NOTE
Formatted contents note Tenant default -- Action for rent/service charge arrears -- Claim for possession --Peaceable re-entry -- Distress -- Sureties -- Original tenant/assignee liability -- Dilapidations -- Unlawful assignments and sub-letting -- Unauthorised alterations --. Unauthorised use -- A practical approach to breaches of judgments -- Statutory demands -- Enforcement of judgments -- Effect of insolvency on enforcement of judgments -- Disclaimer -- Forfeiture and insolvency -- Sub-tenants and mortgagees -- Recovery of costs -- Instalment arrangements -- Precedents.
520 ## - SUMMARY, ETC.
Summary, etc. Focuses on commercial tenant default, an area of major concern to landlords and their professional advisers. Where landlord and tenant law and the debt collection process cross over, practical and legal problems for the professionals are numerous. Provides the materials needed to take prompt action when the signs of default such as non-payment of rent or service charge, failure to repair, breach of user covenants or insolvency become evident. Explains the options available and advice on how to proceed. Includes the effects of the new Civil Procedure Rules Part 55 and cases and the accompanying Practice Direction and also takes account of the Landlord and Tenant Act 1954 reforms, the new insolvency legislation under the Insolvency Act 2000 and Enterprise Act 2002. The law is stated as at October 2005.
520 ## - SUMMARY, ETC.
Summary, etc. Supersedes the third edition (ISBN 1858112400)
590 ## - LOCAL NOTE (RLIN)
Local note KA
650 24 - SUBJECT ADDED ENTRY--TOPICAL TERM
Topical term or geographic name entry element LANDLORD AND TENANT ACT 1954
650 24 - SUBJECT ADDED ENTRY--TOPICAL TERM
Topical term or geographic name entry element CIVIL PROCEDURE RULES PART 55
650 24 - SUBJECT ADDED ENTRY--TOPICAL TERM
Topical term or geographic name entry element ENTERPRISE ACT 2002
650 24 - SUBJECT ADDED ENTRY--TOPICAL TERM
Topical term or geographic name entry element INSOLVENCY ACT 2000
651 #4 - SUBJECT ADDED ENTRY--GEOGRAPHIC NAME
Geographic name England and Wales
Chronological subdivision 1543-
690 ## - LOCAL SUBJECT ADDED ENTRY--TOPICAL TERM (OCLC, RLIN)
Topical term or geographic name as entry element PROPERTY-COMMERCIAL PROPERTY-LEASEHOLD COMMERCIAL PROPERTY-COMMERCIAL LANDLORD AND TENANT-BUSINESS TENANCIES-BUSINESS TENANTS
690 ## - LOCAL SUBJECT ADDED ENTRY--TOPICAL TERM (OCLC, RLIN)
Topical term or geographic name as entry element PROPERTY-COMMERCIAL PROPERTY-COMMERCIAL LANDLORD AND TENANT-COMMERCIAL SERVICE CHARGES
942 ## - ADDED ENTRY ELEMENTS (KOHA)
Suppress in OPAC 0
Holdings
Withdrawn status Lost status Source of classification or shelving scheme Damaged status Not for loan Home library Current library Shelving location Date acquired Cost, normal purchase price Total Checkouts Full call number Barcode Date last seen Date last checked out Copy number Cost, replacement price Price effective from Koha item type
    Dewey Decimal Classification     London London Books 21/06/2006 48.00 22 346.4104343 PAR 30072886 06/08/2019 07/04/2010 1 48.00 06/08/2019 Book